Inovačný rozvoj na Slovensku – vybrané problémy a úlohy
Inovačná politika Slovenska v siločiarach politiky Európskej únie. Úzke miesta slovenského inovačného systému. Hlavné príčiny zaostávania Slovenskej republiky v inovačnom rozvoji za výkonnosťou najvyspelejších krajín EÚ.
Salvato in:
| Autore principale: | |
|---|---|
| Natura: | Capitolo di libro |
| Lingua: | slovacco |
| Soggetti: | |
| Tags: |
Nessun Tag, puoi essere il primo ad aggiungerne!!
|
MARC
| LEADER | 00000naa$a2200000$$$4500 | ||
|---|---|---|---|
| 001 | 0254596 | ||
| 005 | 20240502074053.7 | ||
| 041 | 0 | |a slo | |
| 044 | |a SK | ||
| 245 | 1 | 0 | |a Inovačný rozvoj na Slovensku – vybrané problémy a úlohy |c Vladimír Gonda |
| 520 | |a Inovačná politika Slovenska v siločiarach politiky Európskej únie. Úzke miesta slovenského inovačného systému. Hlavné príčiny zaostávania Slovenskej republiky v inovačnom rozvoji za výkonnosťou najvyspelejších krajín EÚ. | ||
| 610 | 2 | 0 | |a inovácia |
| 610 | 2 | 0 | |a rozvoj trvalo udržateľný |
| 610 | 2 | 0 | |a financie |
| 610 | 2 | 0 | |a financovanie |
| 610 | 2 | 0 | |a vývoj |
| 610 | 2 | 0 | |a výskum |
| 610 | 2 | 0 | |a konkurencieschopnosť |
| 610 | 2 | 0 | |a Slovensko |
| 610 | 2 | 0 | |a Európska únia |
| 100 | 1 | |a Gonda, Vladimír | |